| 000 | 00449nam a2200169 a 4500 | ||
|---|---|---|---|
| 005 | 20140310183149.0 | ||
| 008 | 030201s19uu xx 00 eng d | ||
| 020 | _a0345328019 | ||
| 050 |
_aPZ 3 _b.B631 1986 |
||
| 100 | _aBlackstock, Charity | ||
| 245 |
_aThe Foggy foggy dew / _cCharity Blackstock. |
||
| 260 |
_aNew York ; _bBallantine Books, _c1986. |
||
| 300 |
_a188 p. : _c17 cm. |
||
| 650 | _aFiction | ||
| 942 |
_cBK _2lcc |
||
| 999 |
_c19614 _d19614 |
||